<?xml version="1.0" encoding="UTF-8"?>
<record
    xmlns:xsi="http://www.w3.org/2001/XMLSchema-instance"
    xsi:schemaLocation="http://www.loc.gov/MARC21/slim http://www.loc.gov/standards/marcxml/schema/MARC21slim.xsd"
    xmlns="http://www.loc.gov/MARC21/slim">

  <leader>01819nam a22001937a 4500</leader>
  <controlfield tag="005">20250227144613.0</controlfield>
  <controlfield tag="008">250225b        |||||||| |||| 00| 0 eng d</controlfield>
  <datafield tag="020" ind1=" " ind2=" ">
    <subfield code="a">9789353337711</subfield>
  </datafield>
  <datafield tag="041" ind1=" " ind2=" ">
    <subfield code="a">Eng</subfield>
  </datafield>
  <datafield tag="082" ind1=" " ind2=" ">
    <subfield code="a">372.6</subfield>
    <subfield code="b">TUH</subfield>
  </datafield>
  <datafield tag="100" ind1=" " ind2=" ">
    <subfield code="a">Tuhovsky Ian</subfield>
    <subfield code="9">211439</subfield>
  </datafield>
  <datafield tag="245" ind1=" " ind2=" ">
    <subfield code="a">The Science of Effective Communication</subfield>
    <subfield code="c">: Improve Your Social Skills &amp; Small Talk, Develop Charisma &amp; Learn How to Talk to Anyone</subfield>
  </datafield>
  <datafield tag="260" ind1=" " ind2=" ">
    <subfield code="a">Delhi</subfield>
    <subfield code="b">Rupa Publications</subfield>
    <subfield code="c">2019</subfield>
  </datafield>
  <datafield tag="300" ind1=" " ind2=" ">
    <subfield code="a">194</subfield>
  </datafield>
  <datafield tag="365" ind1=" " ind2=" ">
    <subfield code="b">295.00</subfield>
    <subfield code="c">Rs.00</subfield>
  </datafield>
  <datafield tag="520" ind1=" " ind2=" ">
    <subfield code="a">&#x2022;	Introduction
&#x2022;	Part I
&#x2022;	Laying the groundwork
1.	Listening the most fundamental of all conversation skills
2.	Turning up how to make your voice more attractive
3.	Why you should take a digital detox
the power of face-to-face interaction
4.	How to stop fearing judgement
5.	Using empathy in conversation
6.	How to let go why you don't need to share all your ideas
7.	Conversations that revive relationships
8.	Do you feel "different?" How to overcome outsider syndrome
9.	Avoiding excessive negativity in your social interactions
10.	The Ethical conversationalist
Getting your views across &amp; needs met without harming others
&#x2022;	Part II
&#x2022;	Conversation skills
11.	How to use the FORD method to keep any conversations alive
12.	The art of compliments
13.	How to ask excellent questions
14.	How to handle heated discussions
15.	How to persuade someone of your opinion
16.	How to make a complaint with grace
17.	How to have a great conversation on the phone
18.	Tips for conversations with non-native speakers
19.	How to put your views across to someone in authority
20.	Conversations between hearing- &amp; hearing-impaired individuals
21.	How to excel in interviews &amp; get that job
22.	Conclusion







</subfield>
  </datafield>
  <datafield tag="650" ind1=" " ind2=" ">
    <subfield code="a">Communication Skills</subfield>
    <subfield code="9">204460</subfield>
  </datafield>
  <datafield tag="942" ind1=" " ind2=" ">
    <subfield code="c">BK</subfield>
  </datafield>
  <datafield tag="999" ind1=" " ind2=" ">
    <subfield code="c">365276</subfield>
    <subfield code="d">365276</subfield>
  </datafield>
  <datafield tag="952" ind1=" " ind2=" ">
    <subfield code="0">0</subfield>
    <subfield code="1">0</subfield>
    <subfield code="2">ddc</subfield>
    <subfield code="4">0</subfield>
    <subfield code="7">0</subfield>
    <subfield code="a">SOFT</subfield>
    <subfield code="b">SOFT</subfield>
    <subfield code="d">2025-02-20</subfield>
    <subfield code="e">CrossWorlds Bookstores</subfield>
    <subfield code="g">295.00</subfield>
    <subfield code="i">KT24CSB11468</subfield>
    <subfield code="l">1</subfield>
    <subfield code="o">372.6 TUH</subfield>
    <subfield code="p">SOFT-BK-4311</subfield>
    <subfield code="r">2025-07-28 00:00:00</subfield>
    <subfield code="s">2025-07-08</subfield>
    <subfield code="t">0%</subfield>
    <subfield code="v">295.00</subfield>
    <subfield code="w">2025-02-17</subfield>
    <subfield code="y">BK</subfield>
  </datafield>
</record>
